000
00182nam a2200085Ia 4500
008
180219s9999 xx 000 0 und d
100
_a
Singh V P
245
0
_a
Shikshik Prodyogy
260
_a
R Lal
260
_c
2014
999
_c
42436
_d
42436